| 000 | nam a22 a 4500 | ||
|---|---|---|---|
| 999 |
_c103980 _d103980 |
||
| 003 | BLK | ||
| 005 | 20230322163410.0 | ||
| 008 | 180409b bul|||||r ||||||| ||bul|| | ||
| 010 | _aKNG00109076000 | ||
| 020 | _a954-8235-01-3 | ||
| 040 | _aBLK | ||
| 041 |
_aBUL _cBUL |
||
| 080 |
_aФорми на предприятията в зависимост от отношението към собствеността... _b334.72 _x.008(076) _z334.72.008(076) |
||
| 080 |
_aУправление на предприятията. Организация на производството, търговията, транспорта и съобщенията. Полиграфическа промишленост и издателско дело _b005 _x.012(076) _z005.012(076) |
||
| 100 | 1 |
_aПетров, Иван _eпърви автор _gИванов, Иван Петров _9364739 |
|
| 139 |
_aПетров, Иван _bП 47 |
||
| 245 | 1 | 0 |
_aЗадочен курс по управление на малкия бизнес _bПрактико-приложно пособие с разяснения, консултантски съвети, примери : В 4 ч. : Ч. 1 - _cИван Петров. _nЧ. 1 _pПравни аспекти, счетоводство - едностранно и двустранно, социални осигуровки - коментари, въпроси и отговори |
| 257 | _aBGR | ||
| 260 |
_aВарна _bИКО-КОНСУЛТ _c1992 - _9211710 _n954-8235- |
||
| 300 | _c21 см | ||
| 380 | _a3 | ||
| 650 | 4 |
_aФирми - управление _9243718 |
|
| 653 | _aфирми | ||
| 653 | _aуправление | ||
| 760 | 1 |
_aПетров, Иван _dИко-консулт, 1992 _h158 с. : с табл. _tЧ. 1 Правни аспекти, счетоводство - едностранно и двустранно, социални осигуровки - коментари, въпроси и отговори |
|
| 852 |
_aЦб 170969 _bЦб |
||
| 856 | 4 |
_qpdf _i0.00 _ldisable |
|
| 856 | 4 |
_qpdf _i0.00 _ldisable |
|
| 942 |
_cKNG _n0 _s1 |
||
| 944 |
_aCR _c20.11.2003 _kЦветанка_Енчева |
||
| 944 |
_aED _c04.12.2003 |
||
| 999 | _d103980 | ||
| 999 | _d103980 | ||